| 000 | 00885nam a22003610a 4500 | ||
|---|---|---|---|
| 001 | PT31587 | ||
| 003 | AR-LpoUNG | ||
| 005 | 20210131225840.0 | ||
| 008 | 191001s1958||||ag |||||||||||||||||spa d | ||
| 040 |
_aAR-LpoUNG _bspa _cAR-LpoUNG _eaacr |
||
| 041 | _aspa | ||
| 044 | _aag | ||
| 082 | 0 | _a982.063 621per | |
| 100 | 1 | _aRivera, Enrique | |
| 245 | 1 | 0 | _aPeronismo y frondizismo |
| 250 | _a1§ edición | ||
| 260 |
_aBuenos Aires : _bPatria Grande, _c1958. |
||
| 300 |
_a95 p. : _bgráfs. |
||
| 650 | 4 | _aANALISIS HISTORICO | |
| 650 | 4 | _aANALISIS SOCIOLOGICO | |
| 650 | 4 | _aARGENTINA | |
| 650 | 4 | _aCLASE OBRERA | |
| 650 | 4 | _aDICTADURA | |
| 650 | 4 | _aGOBIERNO MILITAR | |
| 650 | 4 | _aHISTORIA | |
| 650 | 4 | _aHISTORIA POLITICA | |
| 650 | 4 | _aHISTORIA SOCIAL | |
| 650 | 4 | _aSOCIOLOGIA | |
| 650 | 4 | _aTRABAJADORES | |
| 653 | _aPERONISMO | ||
| 905 | _a31587 | ||
| 942 | _cLIB | ||
| 999 |
_c123 _d123 |
||